三公九卿制 Three councillors and nine ministers - Statistics

General Stats
  • This quiz has been taken 29 times
  • The average score is 5 of 13
Answers on the Map
Answers color-coded by a green-red scale on the quiz's map according to % correct below.
 
Answer Stats
% Correct
皇帝
100%
丞相
89%
御史大夫
79%
太尉
68%
宗正
25%
太仆
21%
廷尉
18%
典客
14%
少府
14%
治粟内史
7%
卫尉
7%
郎中令
7%
奉常
7%
No matching quizzes found
Score Distribution
Percent of People with Each Score
Percentile by Number Answered
Your Score History
You have not taken this quiz